00615nam a2200217 a 4500001001300000003000900013005001700022008004100039020002300080082001600103100002000119245005900139260003700198300000900235500003500244505001800279650002700297650003800324650001500362700002000377nice12345678IN_TiNIC20260116014514.0090325s2007 newa grp 000 0 eng  a8124604088 c42000a306.44bPAT aPatnaik, Tandra aSabdab A Study of Bhartrhari`s Philosophy of Language aNew Delhi bDk Printworld c2007 a228p aincludes index and biblioraphy2 abiblio, index aLanguage and Languages aLanguage and Languages-Philosophy aBhartrhari1 aPatnaik, Tandra